MARC details
| 000 -LEADER |
| fixed length control field |
01688cam a2200373 a 4500 |
| 001 - CONTROL NUMBER |
| control field |
12130398 |
| 003 - CONTROL NUMBER IDENTIFIER |
| control field |
ARRUPE |
| 005 - DATE AND TIME OF LATEST TRANSACTION |
| control field |
20140208020009.0 |
| 008 - FIXED-LENGTH DATA ELEMENTS--GENERAL INFORMATION |
| fixed length control field |
000803s2001 caua b 001 0 eng |
| 010 ## - LIBRARY OF CONGRESS CONTROL NUMBER |
| LC control number |
00062854 |
| 020 ## - INTERNATIONAL STANDARD BOOK NUMBER |
| International Standard Book Number |
0520204344 (cloth : alk. paper) |
| 020 ## - INTERNATIONAL STANDARD BOOK NUMBER |
| International Standard Book Number |
0520204352 (pbk.) |
| 040 ## - CATALOGING SOURCE |
| Original cataloging agency |
DLC |
| Transcribing agency |
DLC |
| Modifying agency |
DLC |
| 041 1# - LANGUAGE CODE |
| Language code of text/sound track or separate title |
eng |
| Language code of original and/or intermediate translations of text |
fre |
| 050 00 - LIBRARY OF CONGRESS CALL NUMBER |
| Classification number |
HN780.Z9 |
| Item number |
P66413 2001 |
| 082 00 - DEWEY DECIMAL CLASSIFICATION NUMBER |
| Classification number |
302.3/096 |
| Edition number |
21 |
| 300 ## - PHYSICAL DESCRIPTION |
| Other physical details |
ill. ; |
| Dimensions |
24 cm. |
| 100 1# - MAIN ENTRY--PERSONAL NAME |
| Personal name |
Mbembé, J.-A., |
| Dates associated with a name |
1957- |
| 9 (RLIN) |
6381 |
| 240 10 - UNIFORM TITLE |
| Uniform title |
<a href="Notes provisoires sur la postcolonie.">Notes provisoires sur la postcolonie.</a> |
| Language of a work |
English |
| 245 10 - TITLE STATEMENT |
| Title |
On the postcolony / |
| Statement of responsibility, etc |
Achille Mbembe. |
| 260 ## - PUBLICATION, DISTRIBUTION, ETC. (IMPRINT) |
| Place of publication, distribution, etc |
Berkeley : |
| Name of publisher, distributor, etc |
University of California Press, |
| Date of publication, distribution, etc |
c2001. |
| 300 ## - PHYSICAL DESCRIPTION |
| Extent |
274 p. : |
| 440 #0 - SERIES STATEMENT/ADDED ENTRY--TITLE |
| Title |
Studies on the history of society and culture ; |
| Volume number/sequential designation |
41 |
| 9 (RLIN) |
6382 |
| 500 ## - GENERAL NOTE |
| General note |
Original title: Notes provisoires sur la postcolonie. |
| 504 ## - BIBLIOGRAPHY, ETC. NOTE |
| Bibliography, etc |
Includes bibliographical references (p. 245-269) and index. |
| 650 #0 - SUBJECT ADDED ENTRY--TOPICAL TERM |
| Topical term or geographic name as entry element |
Power (Social sciences) |
| Geographic subdivision |
Africa. |
| 9 (RLIN) |
6383 |
| 650 #0 - SUBJECT ADDED ENTRY--TOPICAL TERM |
| Topical term or geographic name as entry element |
Postcolonialism |
| Geographic subdivision |
Africa. |
| 9 (RLIN) |
6384 |
| 650 #0 - SUBJECT ADDED ENTRY--TOPICAL TERM |
| Topical term or geographic name as entry element |
Subjectivity. |
| 9 (RLIN) |
6385 |
| 856 42 - ELECTRONIC LOCATION AND ACCESS |
| Materials specified |
Contributor biographical information |
| Uniform Resource Identifier |
<a href="http://www.loc.gov/catdir/bios/ucal051/00062854.html">http://www.loc.gov/catdir/bios/ucal051/00062854.html</a> |
| 856 42 - ELECTRONIC LOCATION AND ACCESS |
| Materials specified |
Publisher description |
| Uniform Resource Identifier |
<a href="http://www.loc.gov/catdir/description/ucal041/00062854.html">http://www.loc.gov/catdir/description/ucal041/00062854.html</a> |
| 856 42 - ELECTRONIC LOCATION AND ACCESS |
| Materials specified |
Book review (H-Net) |
| Uniform Resource Identifier |
<a href="http://www.h-net.org/review/hrev-a0c3j3-aa">http://www.h-net.org/review/hrev-a0c3j3-aa</a> |
| 906 ## - LOCAL DATA ELEMENT F, LDF (RLIN) |
| a |
7 |
| b |
cbc |
| c |
orignew |
| d |
1 |
| e |
ocip |
| f |
20 |
| g |
y-gencatlg |
| 942 ## - ADDED ENTRY ELEMENTS (KOHA) |
| Source of classification or shelving scheme |
Library of Congress Classification |
| Koha item type |
Monograph ( Printed materials) |
| Koha issues (borrowed), all copies |
2 |